[Event "Paris Apsap op 52nd"]
[Site "Paris"]
[Date "2002.04.17"]
[Round "5"]
[White "Krivokapic, Ratko"]
[Black "Boursier, Jacques"]
[Result "1-0"]
[WhiteElo "2284"]
[BlackElo "2000"]
[PlyCount "53"]
[EventDate "2002.04.17"]
[EventType "swiss"]
[EventRounds "9"]
[EventCountry "FRA"]
[SourceTitle "EXT 2003"]
[Source "ChessBase"]
[SourceDate "2002.11.25"]
[SourceVersion "1"]
[SourceVersionDate "2002.11.25"]
[SourceQuality "1"]

1. e4 e6 2. d4 d5 3. Nc3 Bb4 4. e5 c5 5. dxc5 Qc7 6. Nf3 Qxc5 7. Bd2 Bd7 8. Bd3 Nc6 9. 0-0 Bxc3 10. bxc3 f6 11. Qe2 fxe5 12. Nxe5 Nxe5 13. Qxe5 Nf6 14. Rab1 Qc8 15. Rb4 0-0 16. Rh4 Qb8 17. Qg5 e5 18. f3 Bc6 19. c4 b5 20. cxd5 Bxd5 21. Re1 Qb6+ 22. Be3 Qa5 23. Bf2 Rfe8 24. h3 a6 25. Bg3 Qc3 26. Rxe5 Bxa2 27. Rc5 1-0